| 000 | 00000nam##2200000za#4500 |
| 001 | 9.601014 |
| 003 | CaOODSP |
| 005 | 20210624205850 |
| 007 | cr ||||||||||| |
| 008 | 150406|1993||||xxc|||||o f|0| 0 fre|d |
| 040 | |aCaOODSP|bfre |
| 043 | |an-cn--- |
| 086 | 1 |aNM95-57/11-4-1993F-PDF |
| 110 | 1 |aCanada.|bPatrimoine canadien. |bInstitut canadien de conservation. |
| 245 | 10|aColle d'amidon de blé |h[ressource électronique] |
| 260 | |aOttawa - Ontario : |bPatrimoine canadien. |cc1993. |
| 300 | |a2p. |
| 490 | 1 |aNotes de l'ICC |v11/4 |
| 500 | |aLe nº de catalogue (NM95-57/11-4-1986F) et l'ISSN (1191-7237) copiés dans cette édition électronique sont incorrects. |
| 504 | |aBibliographie. |
| 590 | |a11-21-Supp|b2011-09-30 |
| 775 | 08|tWheat starch paste |w(CaOODSP)9.570268 |
| 776 | 0#|tColle d'amidon de blé |w(CaOODSP)9.622064 |
| 830 | #0|aNotes de l'ICC ;|v11/4|w(CaOODSP)9.502751 |
| 856 | 40|ahttp://publications.gc.ca|qPDF|s650 Ko|uhttps://publications.gc.ca/collections/collection_2011/pc-ch/NM95-57-11-4-1993-fra.pdf|y11/4 |